Normal view
MARC view
- Qaiser Abbas Sabir
Entry Personal Name
001 - CONTROL NUMBER
- control field: 127811
003 - CONTROL NUMBER IDENTIFIER
- control field: NUST
005 - DATE AND TIME OF LATEST TRANSACTION
- control field: 20250211103634.0
008 - FIXED-LENGTH DATA ELEMENTS
- fixed length control field: 250211|| aca||aabn | a|a d
040 ## - CATALOGING SOURCE
- Original cataloging agency: NUST
- Transcribing agency: NUST
100 ## - HEADING--PERSONAL NAME
- Personal name: Qaiser Abbas Sabir
670 ## - SOURCE DATA FOUND
- Source citation: Work cat.: (NUST): Qaiser Abbas Sabir, Rati Gali K Raaj Hans /safar naama, 2020
